Biological methods for assessment and remediation of contaminated land: case studies (Record no. 102154)

MARC details
000 -LEADER
fixed length control field 01177cam a2200313 4500
008 - FIXED-LENGTH DATA ELEMENTS--GENERAL INFORMATION
fixed length control field 020701n2002 000 0 eng u
020 ## - INTERNATIONAL STANDARD BOOK NUMBER
International Standard Book Number 0860175758
035 ## - SYSTEM CONTROL NUMBER
System control number (Sirsi) u118622
041 ## - LANGUAGE CODE
Language code of text/sound track or separate title eng.
050 ## - LIBRARY OF CONGRESS CALL NUMBER
Classification number 333.73
100 ## - MAIN ENTRY--PERSONAL NAME
Personal name Barr, D.
110 ## - MAIN ENTRY--CORPORATE NAME
Corporate name or jurisdiction name as entry element Construction Industry Research and Information Association
9 (RLIN) 4810
245 ## - TITLE STATEMENT
Title Biological methods for assessment and remediation of contaminated land: case studies
260 ## - PUBLICATION, DISTRIBUTION, ETC.
Place of publication, distribution, etc. London
Name of publisher, distributor, etc. CIRIA
Date of publication, distribution, etc. 2002
300 ## - PHYSICAL DESCRIPTION
Extent 178p.
Other physical details ill.
Dimensions 30cm.
350 ## - PRICE (NR) (BK AM CF MU VM SE) [OBSOLETE]
Price 90
490 ## - SERIES STATEMENT
Series statement CIRIA Report
Volume/sequential designation C575
520 ## - SUMMARY, ETC.
Summary, etc. This report includes a series of case studies showing that bioremediation can cost-effectively treat a range of contaminants under redevelopment, transaction or proactive risk management scenario. The case studies selected are representative of many of the technologies in commercial use in the UK.
650 ## - SUBJECT ADDED ENTRY--TOPICAL TERM
Topical term or geographic name entry element CONTAMINATED LAND
650 ## - SUBJECT ADDED ENTRY--TOPICAL TERM
Topical term or geographic name entry element TREATMENT
650 ## - SUBJECT ADDED ENTRY--TOPICAL TERM
Topical term or geographic name entry element BIOLOGICAL TREATMENTS
650 ## - SUBJECT ADDED ENTRY--TOPICAL TERM
Topical term or geographic name entry element CASE STUDIES
690 ## - LOCAL SUBJECT ADDED ENTRY--TOPICAL TERM (OCLC, RLIN)
Topical term or geographic name as entry element ENVIRONMENTAL AND LAND CONSULTANCY
700 ## - ADDED ENTRY--PERSONAL NAME
Personal name Finnamore, J.R.
700 ## - ADDED ENTRY--PERSONAL NAME
Personal name Bardos, R.P.
700 ## - ADDED ENTRY--PERSONAL NAME
Personal name Weeks, J.M.
700 ## - ADDED ENTRY--PERSONAL NAME
Personal name Nathanail, C.P.
942 ## - ADDED ENTRY ELEMENTS (KOHA)
Suppress in OPAC 0
Holdings
Withdrawn status Lost status Damaged status Not for loan Home library Current library Shelving location Date acquired Cost, normal purchase price Total Checkouts Full call number Barcode Date last seen Copy number Cost, replacement price Price effective from Koha item type
        London London Books 01/07/2002 90.00   CIRIA REPORTS 30066033 23/04/2024 1 90.00 06/08/2019 Book